ნორმალური ფორმატი
MARC ფორმატი
ჩანაწერი Personal Name
ჩანაწერთა რაოდენობა, რომელიც გამოყენებულია: 3
001 - CONTROL NUMBER
- control field: 7389
003 - CONTROL NUMBER IDENTIFIER
- control field: GE_BSU
005 - DATE AND TIME OF LATEST TRANSACTION
- control field: 20200224121801.0
008 - FIXED-LENGTH DATA ELEMENTS
- fixed length control field: 200224|| aca||aabn | a|a d
040 ## - CATALOGING SOURCE
- Original cataloging agency: GE_BSU
- Transcribing agency: GE_BSU
100 ## - HEADING--PERSONAL NAME
- Personal name: Miquel, Claire.
670 ## - SOURCE DATA FOUND
- Source citation: Work cat.: (GE_BSU)50827: Miquel, Claire., Grammaire En Dialogues: Niveau Intermediaire :, 2007.
